UM Logo

Collected stories / (Record no. 15995)

MARC details
000 -LEADER
fixed length control field 00987cam a22003137a 4500
001 - CONTROL NUMBER
control field 16230721
005 - DATE AND TIME OF LATEST TRANSACTION
control field 20210204101240.0
008 - FIXED-LENGTH DATA ELEMENTS--GENERAL INFORMATION
fixed length control field 100513s2010 enk 000 j eng
010 ## - LIBRARY OF CONGRESS CONTROL NUMBER
LC control number 2010362956
015 ## - NATIONAL BIBLIOGRAPHY NUMBER
National bibliography number GBA9B1044
Source bnb
016 7# - NATIONAL BIBLIOGRAPHIC AGENCY CONTROL NUMBER
Record control number 015421361
Source Uk
020 ## - INTERNATIONAL STANDARD BOOK NUMBER
International Standard Book Number 9780571249800 (pbk.)
020 ## - INTERNATIONAL STANDARD BOOK NUMBER
International Standard Book Number 0571249809 (pbk.)
035 ## - SYSTEM CONTROL NUMBER
System control number (OCoLC)ocn467755301
040 ## - CATALOGING SOURCE
Original cataloging agency UKM
Transcribing agency UKM
Modifying agency YDXCP
-- BWKUK
-- BWK
-- DLC
042 ## - AUTHENTICATION CODE
Authentication code lccopycat
050 00 - LIBRARY OF CONGRESS CALL NUMBER
Classification number PR6061.U68
Item number A6 2010
082 04 - DEWEY DECIMAL CLASSIFICATION NUMBER
Classification number DC 823.914
Edition number 2010
Item number K965
100 1# - MAIN ENTRY--PERSONAL NAME
Personal name Kureishi, Hanif.
9 (RLIN) 42896
240 10 - UNIFORM TITLE
Uniform title Short stories.
Form subheading Selections
245 10 - TITLE STATEMENT
Title Collected stories /
Statement of responsibility, etc. Hanif Kureishi.
260 ## - PUBLICATION, DISTRIBUTION, ETC. (IMPRINT)
Place of publication, distribution, etc. London :
Name of publisher, distributor, etc. Faber and Faber,
Date of publication, distribution, etc. 2010.
300 ## - PHYSICAL DESCRIPTION
Extent vi, 671 pages ;
Dimensions 24 cm.
650 ## - SUBJECT ADDED ENTRY--TOPICAL TERM
Topical term or geographic name as entry element Short stories
Form subdivision Collection
9 (RLIN) 42897
365 ## - TRADE PRICE
Price amount 230.00
906 ## - LOCAL DATA ELEMENT F, LDF (RLIN)
a 7
b cbc
c copycat
d 2
e ncip
f 20
g y-gencatlg
942 ## - ADDED ENTRY ELEMENTS (KOHA)
Source of classification or shelving scheme Dewey Decimal Classification
Koha item type Circulation
Holdings
Withdrawn status Lost status Source of classification or shelving scheme Damaged status Not for loan Collection code Home library Current library Date acquired Source of acquisition Cost, normal purchase price Total Checkouts Full call number Barcode Date last seen Copy number Price effective from Koha item type
    Dewey Decimal Classification     Circulation UM Digos College - LIC UM Digos College - LIC 11/22/2019 Purchased 230.00   DC 823.914 K965 2010 25973 05/15/2025 1 02/04/2021 Circulation